Interpretation of China's philosophy on diplomacy in the new Era (Record no. 608416)
[ view plain ]
| 000 -LEADER | |
|---|---|
| fixed length control field | 00403nam a22001457a 4500 |
| 003 - CONTROL NUMBER IDENTIFIER | |
| control field | NUST |
| 020 ## - INTERNATIONAL STANDARD BOOK NUMBER | |
| International Standard Book Number | 9787508543543 |
| 082 ## - DEWEY DECIMAL CLASSIFICATION NUMBER | |
| Classification number | 915.951 |
| Author Mark | INT |
| 100 ## - MAIN ENTRY--PERSONAL NAME | |
| Personal name | Qingmin,Zhang |
| 9 (RLIN) | 86510 |
| 245 ## - TITLE STATEMENT | |
| Title | Interpretation of China's philosophy on diplomacy in the new Era |
| 260 ## - PUBLICATION, DISTRIBUTION, ETC. | |
| Place of publication, distribution, etc. | China |
| Name of publisher, distributor, etc. | China Intercontinental press |
| Date of publication, distribution, etc. | 2020. |
| 300 ## - PHYSICAL DESCRIPTION | |
| Extent | 277p |
| Other physical details | Paperback, |
| Dimensions | 23cm. |
| 563 ## - BINDING INFORMATION | |
| Binding note | Paperback |
| 942 ## - ADDED ENTRY ELEMENTS (KOHA) | |
| Source of classification or shelving scheme | |
| Koha item type | Book |
| Withdrawn status | Lost status | Source of classification or shelving scheme | Damaged status | Not for loan | Permanent Location | Current Location | Date acquired | Source of acquisition | Total Checkouts | Full call number | Barcode | Date last seen | Price effective from | Koha item type |
|---|---|---|---|---|---|---|---|---|---|---|---|---|---|---|
| School of Art Design and Architecture (SADA) | School of Art Design and Architecture (SADA) | 01/03/2022 | Donation | 915.951 INT 2016 | SADAD0000469 | 02/28/2024 | 02/28/2024 | Book |
